Tratados constitutivos de las Comunidades europeas

Sparad:
Bibliografiska uppgifter
Institutionell upphovsman: Comisión de las Comunidades Europeas
Materialtyp: Text
Publicerad: Bruselas: Oficina de Publicaciones Oficiales de las Comunidades Europeas
Upplaga:0
Taggar: Lägg till en tagg
Inga taggar, Lägg till första taggen!

MARC

LEADER 00000 a a2200000 04500
001 24303
003
040
020 |a 92-825-7653-1  
090 |a 166400  
110 |a Comisión de las Comunidades Europeas  
245 |a Tratados constitutivos de las Comunidades europeas  
250 |a 0  
260 |a Bruselas:   |b Oficina de Publicaciones Oficiales de las Comunidades Europeas  
300 |a 649 p.  
999 |c 9667  |d 9667